| 000 | 01255nam a2200277 i 4500 | ||
|---|---|---|---|
| 001 | 186218 | ||
| 003 | ES-MaACL | ||
| 005 | 20250901051548.0 | ||
| 008 | 160920q2014 sp |||| | spa d | ||
| 080 | _a141.72:34 | ||
| 111 | 2 |
_aTaller de Política Feminista _n(23º. _d2013. _cLeón) _9160943 |
|
| 245 | 1 | 0 |
_aFeminismo frente al neoliberalismo _b: estrategias y alianzas / _cXXIII Taller de Política Feminista. |
| 260 |
_aMadrid : _bFórum de Política Feminista, _c[ca. 2014] |
||
| 300 |
_a143 p. ; _c22 cm. |
||
| 504 | _aReferencias bibliográficas. | ||
| 505 | 8 |
_aContiene: ; _tPacto feminista por las mujeres, dic. 2013 / _rPlataforma Feminista del Ateneo de Madrid... |
|
| 650 | 4 |
_aCrisis económicas- _y2008- _zEspaña- _vCongresos y asambleas. _9160940 |
|
| 650 | 4 |
_aMujeres- _xPolítica gubernamental- _zEspaña- _vCongresos y asambleas. _9160941 |
|
| 651 | 4 |
_aEspaña- _xPolítica social- _y2004-2011- _vCongresos y asambleas. _9160942 |
|
| 710 | 2 |
_aFórum de Política Feminista _94150 |
|
| 852 |
_aES-MaACL _jA-13801 _9193273 _bR.150856 _cDEPO1 _dOlim: N-6801 _hDonacion: Begoña San José |
||
| 903 |
_9102240 _aSan José, Begoña _ednr |
||
| 942 |
_2udc _cMONOGRAFIA |
||
| 999 |
_c186218 _d186218 |
||